[Event "Oskarja Memorial 10th"]
[Site "Chess.com INT"]
[Date "2021.01.16"]
[Round "7"]
[White "Grein, Bogomir"]
[Black "Dzudov, Janko"]
[Result "0-1"]
[WhiteElo "1731"]
[BlackElo "1494"]
[PlyCount "66"]
[EventDate "2021.01.16"]
[EventType "swiss (blitz)"]
[EventRounds "15"]
[EventCountry "SLO"]
[SourceTitle "CBM 200 Extra"]
[Source "ChessBase"]
[SourceDate "2021.03.31"]
[SourceVersion "1"]
[SourceVersionDate "2021.03.31"]
[SourceQuality "1"]

1. e4 h6 2. f4 d5 3. Nc3 dxe4 4. Nxe4 Nf6 5. Nxf6+ exf6 6. Nf3 Bd6 7. d3 0-0 8. Be2 c5 9. 0-0 Qc7 10. g3 Re8 11. Nh4 Nc6 12. Bf3 Nd4 13. Bg2 Rb8 14. Re1 Rxe1+ 15. Qxe1 Nxc2 16. Qe8+ Bf8 17. Rb1 Be6 18. Qa4 Nb4 19. Bf1 b5 20. Qd1 Bxa2 21. Ra1 c4 22. Bd2 Bb3 23. Qe1 Nc2 24. Qc1 Nxa1 25. Qxa1 Qc5+ 26. Kh1 cxd3 27. Ng2 Qd5 28. Qxa7 Ra8 29. Qf2 Ra1 30. h3 Bc5 31. Be3 Bxe3 32. Qxe3 Rxf1+ 33. Kh2 d2 0-1